000 00660nam a2200229Ia 4500
005 20250108124823.0
008 008 250107s9999 xx 000 0 eng d
020 _a978-93-95386-08-1
037 _aTB
040 _aCRL
_beng
_cCRL
041 _aeng
_2eng
084 _aO152,4N64x Q5
084 _qCRL
100 _aJaved Ghazala Au.
_9729933
245 0 _aHepatoprotective plants in unani medicine
_cJaved Ghazala Au.
260 _aNew Delhi, India
_bCentral Council for Rresearch in Unani Medicine
_c2311
300 _a64p.
365 _aINR
_b120
650 _aMEDICINE
942 _cTB
_hO152,4N64x Q5
999 _c1234699
_d1234699